Los partidos políticos

Guardat en:
Dades bibliogràfiques
Autor principal: Schifter Sikora, Jacobo
Format: Text
Publicat: Heredia: IDELA
Etiquetes: Afegir etiqueta
Sense etiquetes, Sigues el primer a etiquetar aquest registre!

MARC

LEADER 00000 a a2200000 04500
001 15995
003
040 |a CRAI/IIS  |c CRAI/IIS 
090 |a 013600  
100 |a Schifter Sikora, Jacobo  
245 |a Los partidos políticos  
260 |a Heredia:   |b IDELA  
300 |a 105 p.  
999 |c 17393  |d 17393